| 000 -ლიდერი |
| ფიქსირებული სიგრძის საკონტროლო ველი |
01359nam a2200229Ia 4500 |
| 001 - საკონტროლო ნომერი |
| საკონტროლო ველი |
2335 |
| 003 - საკონტროლო ნომრის იდენტიფიკატორი |
| საკონტროლო ველი |
GE_BSU |
| 005 - ბოლო ოპერაციის თარიღი და დრო |
| საკონტროლო ველი |
20190528155146.0 |
| 008 - ფიქსირებული სიგრძის მონაცემთა ელემენტები - ზოგადი ინფორმაცია |
| ფიქსირებული სიგრძის საკონტროლო ველი |
181216s2011||||ge |||||||||||||| ||geo|| |
| 040 ## - კატალოგიზაციის წყარო |
| Transcribing agency |
GE_BSU |
| 041 ## - ენის კოდი |
| Language code of text/sound track or separate title |
geo |
| 080 ## - უნივერსალური ათობითი კლასიფიკაციის ინდექსი |
| Universal Decimal Classification number |
7 ხ–70 |
| 245 ## - ცნობა სათაურის შესახებ |
| Statement of responsibility, etc |
რედ. მ. ჭიჭილეიშვილი ; ტომის რედ. ე. მესხია ; საქ. განათლებისა და მეცნ. სამინ.; ბათუმის ხელოვნების სასწავლო უნ-ტი. |
| Title |
ხელოვნებათმცოდნეობითი ეტიუდები = Studies in art criticism : |
| Remainder of title |
ტ. 3 / |
| 264 ## - წარმოების, გამოცემის, დისტრიბუციის და სხვა ცნობები |
| გამოცემის, წარმოების, დისტრიბუციის... ადგილი |
თბილისი : |
| გამოცემის, წარმოების, დისტრიბუციის... სახელწოდება |
უნივერსალი, |
| გამოცემის, წარმოების, დისტრიბუციის... თარიღი |
2011. |
| 300 ## - ფიზიკური აღწერა |
| Extent |
251 გვ. ; |
| Other physical details |
20 სმ. |
| 653 ## - INDEX TERM--UNCONTROLLED |
| Uncontrolled term |
ხელოვნებათმცოდნეობა |
| 700 ## - ADDED ENTRY--PERSONAL NAME |
| Personal name |
ჭიჭილეშვილი, მაია |
| Relator term |
რედაქტორი |
| 9 (RLIN) |
1727 |
| 700 ## - ADDED ENTRY--PERSONAL NAME |
| Personal name |
მესხია, ერმილე |
| Relator term |
ტომის რედ. |
| 9 (RLIN) |
1724 |
| 710 ## - ADDED ENTRY--CORPORATE NAME |
| Corporate name or jurisdiction name as entry element |
საქ. კულტურისა და ძეგლთა დაცვის სამინისტრო |
| 9 (RLIN) |
1728 |
| 710 ## - ADDED ENTRY--CORPORATE NAME |
| Corporate name or jurisdiction name as entry element |
ბათუმის ხელოვნების სასწავლო უნივერსიტეტი |
| 9 (RLIN) |
1729 |
| 942 ## - ADDED ENTRY ELEMENTS (KOHA) |
| Koha item type |
წიგნი |
| Source of classification or shelving scheme |
|